Statistics for Cities With The Biggest GDPs In Latin America

Click here to take the quiz!

General Stats

  • This quiz has been taken 58 times
  • The average score is 16 of 20

Answer Stats

GDPCity% Correct
315.8 BBuenos Aires
100%
171.4 BLima
100%
176.7 BRio de Janeiro
100%
430.5 BSão Paulo
100%
159.8 BBogotá
98%
141.9 BBrasília
98%
176.4 BSantiago
98%
51.8 BCaracas
94%
403.4 BMexico City
94%
41.7 BMontevideo
89%
84.6 BBelo Horizonte
79%
80.6 BGuadalajara
77%
43.4 BMedellín
77%
122.8 BMonterrey
72%
62.1 BPorto Alegre
72%
38.4 BSalvador
72%
40.4 BRecife
70%
57.6 BCuritiba
62%
38.1 BPuebla
47%
59.2 BCampinas
34%

Score Distribution

Percentile by Number Answered

Percent of People with Each Score

Your Score History

You have not taken this quiz